| 000 | 00440nam a2200157Ia 4500 | ||
|---|---|---|---|
| 008 | 160316s1997 xxu||||| |||| 00| 0 eng d | ||
| 082 |
_a344.013400 _bNLS |
||
| 100 | _a | ||
| 245 | _aOne day workshop on public interest litigation and emerging strategies on child labour | ||
| 250 | _a | ||
| 260 |
_aBangalore _bNLSIU _c1997 |
||
| 300 |
_a59 _b _c |
||
| 365 | _b | ||
| 650 | _a1. child labour 2. public interest litigation | ||
| 700 |
_a _a |
||
| 999 |
_c34160 _d34160 |
||